Política Nacional contra las drogas al 2030 / (Record no. 22862)
[ view plain ]
| 000 -CABECERA | |
|---|---|
| fixed length control field | 01389nam a22002417i 4500 |
| 003 - IDENTIFICADOR DEL NÚMERO DE CONTROL | |
| control field | AR-CdUCM |
| 008 - DATOS DE LONGITUD FIJA--INFORMACIÓN GENERAL | |
| fixed length control field | 240503b20222022 pe||||| |||| 00| 0 spa d |
| 020 ## - NÚMERO INTERNACIONAL ESTÁNDAR DEL LIBRO | |
| ISBN | 978-612-48588-1-9 |
| 040 ## - FUENTE DE LA CATALOGACIÓN | |
| Agencia/entidad que catalogó originalmente la obra | MUNICIPALIDAD PROVINCIAL DEL CUSCO |
| Entidad que transcribió la catalogación | BIBLIOTECA MUNICIPAL DEL CUSCO |
| 082 ## - NÚMERO DE LA CLASIFICACIÓN DECIMAL DEWEY | |
| No. de la edición | 2ª Ed. |
| No. de Clasificación | 353.37 / C7P |
| Notacion interna | C7P |
| 100 ## - ENTRADA PRINCIPAL--NOMBRE DE PERSONA | |
| Nombre Personal | Comisión Nacional para el Desarrollo y Vida sin Drogas. |
| 245 ## - MENCIÓN DE TÍTULO | |
| Título | Política Nacional contra las drogas al 2030 / |
| 260 ## - PUBLICACIÓN, DISTRIBUCIÓN, ETC. | |
| Lugar de publicación, distribución, etc. | Lima: |
| Nombre de la editorial, distribuidor, etc. | Comisión Nacional para el Desarrollo y Vida sin Drogas, |
| Fecha de publicación, distribución, etc. | 2022 |
| 300 ## - DESCRIPCIÓN FÍSICA | |
| Nº de Páginas Extensión | 178 páginas. : |
| Dimensiones | 30 cm. |
| 500 ## - NOTA GENERAL | |
| Bibliografía | Bibliografía: páginas 168 -178 |
| 505 ## - NOTA DE CONTENIDO CON FORMATO | |
| Nota de contenido formateada | Normativa peruana sobre la lucha contra las drogas -- Proceso de elaboración de la Política Nacional contra las drogas al 2030 -- Conceptos clave del problema público sobre las drogas -- Áreas afectadas por la presencia de cultivos ilícitos, 2020 -- Prevalencia anual del consumo de drogas en población escolar secundaria, según grupo de edad, 2017 -- Alternativas de solución seleccionadas y priorizadas |
| 650 ## - PUNTO DE ACCESO ADICIONAL DE MATERIA--TÉRMINO DE MATERIA | |
| Descriptor | Normativa peruana sobre la lucha contra las drogas |
| 9 (RLIN) | 49691 |
| 650 ## - PUNTO DE ACCESO ADICIONAL DE MATERIA--TÉRMINO DE MATERIA | |
| Descriptor | Proceso de elaboración de la Política Nacional contra las drogas al 2030 |
| 9 (RLIN) | 49692 |
| 650 ## - PUNTO DE ACCESO ADICIONAL DE MATERIA--TÉRMINO DE MATERIA | |
| Descriptor | Áreas afectadas por la presencia de cultivos ilícitos, 2020 |
| 9 (RLIN) | 49693 |
| 856 ## - LOCALIZACIÓN Y ACCESO ELECTRÓNICOS | |
| Dirección electrónica | www.gob.pe/devida |
| 942 ## - ELEMENTOS DE PUNTO DE ACCESO ADICIONAL (KOHA) | |
| Fuente de clasificación | |
| Tipo de item | Libros-BMC |
| 945 ## - PROCESAMIENTO DE INFORMACIÓN LOCAL (OCLC) | |
| Catalogador | pbj |
| AAAA-MM-DD - Fecha de ingreso o modificacion | 2024-05-03 |
No items available.